[Event "Politiken Cup 35th"]
[Site "Helsingor"]
[Date "2013.08.04"]
[Round "10"]
[White "Bratteteig, Tore Inge"]
[Black "Rasmussen, Arne"]
[Result "1/2-1/2"]
[WhiteElo "1692"]
[BlackElo "1503"]
[PlyCount "86"]
[EventDate "2013.07.27"]
[EventType "swiss"]
[EventRounds "10"]
[EventCountry "DEN"]
[SourceTitle "CBM 155 Extra"]
[Source "ChessBase"]
[SourceDate "2013.08.26"]
[SourceVersion "1"]
[SourceVersionDate "2013.08.26"]
[SourceQuality "1"]

1. d4 Nf6 2. c4 g6 3. Nf3 Bg7 4. g3 0-0 5. Nc3 d6 6. Bg2 a6 7. 0-0 Nc6 8. e4 e5 9. d5 Ne7 10. b4 b6 11. Ne1 Ne8 12. Be3 f5 13. Nd3 fxe4 14. Bxe4 Nf5 15. Bd2 Nd4 16. Ne2 Bh3 17. Nxd4 exd4 18. Bg2 Qc8 19. Bxh3 Qxh3 20. Nf4 Qf5 21. Ne6 Rf7 22. Nxg7 Nxg7 23. Bh6 d3 24. Qd2 Qf3 25. Rad1 Nf5 26. Be3 Re8 27. Rde1 Rfe7 28. Qxd3 Qe4 29. Qxe4 Rxe4 30. Bd2 Nd4 31. Kg2 Nc2 32. Rxe4 Rxe4 33. c5 Nxb4 34. Bxb4 Rxb4 35. cxd6 cxd6 36. Rc1 Rd4 37. Rc6 Rxd5 38. Rxb6 a5 39. Ra6 Kg7 40. h4 Kf6 41. g4 h6 42. Ra8 Re5 43. Ra6 Ke6 1/2-1/2

[Event "Politiken Cup 35th"]
[Site "Helsingor"]
[Date "2013.08.03"]
[Round "9"]
[White "Kopperberg, Steen"]
[Black "Rasmussen, Arne"]
[Result "1-0"]
[WhiteElo "1777"]
[BlackElo "1503"]
[PlyCount "81"]
[EventDate "2013.07.27"]
[EventType "swiss"]
[EventRounds "10"]
[EventCountry "DEN"]
[SourceTitle "CBM 155 Extra"]
[Source "ChessBase"]
[SourceDate "2013.08.26"]
[SourceVersion "1"]
[SourceVersionDate "2013.08.26"]
[SourceQuality "1"]

1. d4 Nf6 2. Nf3 g6 3. Bg5 Bg7 4. Nbd2 0-0 5. c3 d6 6. e3 Bf5 7. Qb3 Qc8 8. Bxf6 Bxf6 9. e4 Bd7 10. h4 h5 11. Bd3 e5 12. 0-0-0 Nc6 13. d5 Ne7 14. Kb1 a6 15. Rc1 b5 16. Rc2 Qe8 17. c4 bxc4 18. Rxc4 Qd8 19. Rhc1 Bb5 20. Rxc7 Qb8 21. Bxb5 Qxb5 22. Qxb5 axb5 23. Rb7 Rab8 24. Rcc7 Rfe8 25. Rd7 Kf8 26. Rxb8 Rxb8 27. Rxd6 Ng8 28. Nb3 Ke8 29. Rc6 b4 30. Nc5 Bg7 31. Na6 Rd8 32. Nxb4 Ne7 33. Rc7 Rd6 34. Nd2 Kd8 35. Rc5 Bf8 36. Nc4 Rf6 37. f3 Rf4 38. Nxe5 Rxh4 39. d6 Rh1+ 40. Kc2 Ng8 41. Nbc6+ 1-0

[Event "Politiken Cup 35th"]
[Site "Helsingor"]
[Date "2013.08.01"]
[Round "7"]
[White "Borg, Flemming"]
[Black "Rasmussen, Arne"]
[Result "1-0"]
[WhiteElo "1855"]
[BlackElo "1503"]
[PlyCount "81"]
[EventDate "2013.07.27"]
[EventType "swiss"]
[EventRounds "10"]
[EventCountry "DEN"]
[SourceTitle "CBM 155 Extra"]
[Source "ChessBase"]
[SourceDate "2013.08.26"]
[SourceVersion "1"]
[SourceVersionDate "2013.08.26"]
[SourceQuality "1"]

1. f4 d6 2. g3 Nc6 3. Bg2 Nf6 4. Nf3 e6 5. 0-0 Bd7 6. d3 Be7 7. e4 h6 8. b3 0-0 9. Bb2 Rb8 10. Nbd2 d5 11. exd5 Nxd5 12. Qe2 Bf6 13. Ne5 Nxe5 14. fxe5 Be7 15. Ne4 Bc6 16. Rae1 a6 17. a3 Bg5 18. Bc1 Bxc1 19. Rxc1 Nb6 20. Rce1 Qd4+ 21. Kh1 Bxe4 22. Bxe4 Qd7 23. Rf4 c6 24. Qh5 Nd5 25. Rh4 f5 26. exf6 Nxf6 27. Qe2 Nxe4 28. Rxe4 Rf6 29. Rxe6 Qd5+ 30. Kg1 Rbf8 31. Rxf6 Rxf6 32. Qe8+ Kh7 33. Qe4+ Kh8 34. Qxd5 cxd5 35. Re5 Rd6 36. Kf2 Kg8 37. Ke3 d4+ 38. Kf4 Kf7 39. Rc5 Rc6 40. Rxc6 bxc6 41. Ke5 1-0

[Event "Politiken Cup 35th"]
[Site "Helsingor"]
[Date "2013.07.27"]
[Round "1"]
[White "Rasmussen, Arne"]
[Black "Spanton, Timothy"]
[Result "0-1"]
[WhiteElo "1503"]
[BlackElo "2015"]
[PlyCount "96"]
[EventDate "2013.07.27"]
[EventType "swiss"]
[EventRounds "10"]
[EventCountry "DEN"]
[SourceTitle "CBM 155 Extra"]
[Source "ChessBase"]
[SourceDate "2013.08.26"]
[SourceVersion "1"]
[SourceVersionDate "2013.08.26"]
[SourceQuality "1"]

1. d4 d5 2. Nf3 Nc6 3. e3 Bg4 4. Be2 Nf6 5. 0-0 Bxf3 6. Bxf3 e5 7. dxe5 Nxe5 8. Nd2 Nxf3+ 9. Qxf3 Bd6 10. b3 Be5 11. Rb1 Qd6 12. h3 0-0-0 13. Bb2 h5 14. Bxe5 Qxe5 15. Qe2 g5 16. Nf3 Qf5 17. Nd4 Qd7 18. c4 g4 19. h4 Ne4 20. Qc2 g3 21. f3 Nf2 22. Qf5 Rhe8 23. Qxd7+ Rxd7 24. Nf5 dxc4 25. bxc4 Nd3 26. Nxg3 Rxe3 27. Rb3 Re5 28. Kh2 Nf4 29. Rfb1 Rd2 30. R3b2 Rxb2 31. Rxb2 Rc5 32. Rc2 b5 33. Ne4 Rxc4 34. Rxc4 bxc4 35. Nc3 Kd7 36. g3 Ng6 37. Kg2 f5 38. Kh3 Ne5 39. Kg2 Kd6 40. Kf2 Kc5 41. a3 Kd4 42. Nb5+ Kd3 43. f4 Nc6 44. g4 fxg4 45. f5 c3 46. Nxc3 Kxc3 47. f6 Nd8 48. Kg3 Kd4 0-1

[Event "Novokuznetsk Siberia-ch"]
[Site "Novokuznetsk"]
[Date "2013.03.28"]
[Round "8"]
[White "Lykov, Vasili"]
[Black "Rasmussen, Arne"]
[Result "0-1"]
[WhiteElo "2113"]
[BlackElo "2159"]
[PlyCount "122"]
[EventDate "2013.03.21"]
[EventType "swiss"]
[EventRounds "9"]
[EventCountry "RUS"]
[SourceTitle "CBM 153 Extra"]
[Source "ChessBase"]
[SourceDate "2013.04.22"]
[SourceVersion "1"]
[SourceVersionDate "2013.04.22"]
[SourceQuality "1"]

1. e4 a6 2. d4 b5 3. Nf3 d5 4. e5 Bg4 5. Be3 e6 6. Nbd2 c5 7. c3 c4 8. h3 Bh5 9. Be2 Nc6 10. 0-0 Nge7 11. b4 cxb3 12. axb3 Bg6 13. c4 b4 14. c5 Qc8 15. Nh4 Nf5 16. Nxg6 hxg6 17. Nf3 Be7 18. Qd3 a5 19. Ra2 Kd7 20. Rfa1 Qc7 21. Bf4 Rhb8 22. Qd2 Qb7 23. Bf1 Rh8 24. g3 Rh7 25. Qd3 Bd8 26. h4 Rh8 27. Bd2 Rb8 28. Kg2 Bc7 29. Bg5 Rhf8 30. g4 Nfe7 31. Bxe7 Kxe7 32. Re1 Na7 33. Qe3 Nb5 34. Bxb5 Qxb5 35. h5 gxh5 36. Qg5+ Kd7 37. c6+ Ke8 38. Qxh5 Qd3 39. Re3 Qb1 40. Rae2 Qg6 41. Qxg6 fxg6 42. Rc2 Bb6 43. Kg3 Rc8 44. Rd3 Rc7 45. Ng5 Ke7 46. Nh3 Rfc8 47. Nf4 Rxc6 48. Rxc6 Rxc6 49. Ne2 Rc2 50. Kf3 g5 51. Ke3 Kd7 52. Rd2 Rxd2 53. Kxd2 Kc6 54. Kd3 Kb5 55. f4 a4 56. f5 exf5 57. gxf5 a3 58. Kc2 g4 59. f6 gxf6 60. exf6 Bd8 61. f7 Be7 0-1

[Event "Novokuznetsk Siberia-ch"]
[Site "Novokuznetsk"]
[Date "2013.03.26"]
[Round "6"]
[White "Rasmussen, Arne"]
[Black "Silin, Sergei"]
[Result "1/2-1/2"]
[WhiteElo "2159"]
[BlackElo "1868"]
[PlyCount "108"]
[EventDate "2013.03.21"]
[EventType "swiss"]
[EventRounds "9"]
[EventCountry "RUS"]
[SourceTitle "CBM 153 Extra"]
[Source "ChessBase"]
[SourceDate "2013.04.22"]
[SourceVersion "1"]
[SourceVersionDate "2013.04.22"]
[SourceQuality "1"]

1. e4 c5 2. Nf3 d6 3. c3 Nf6 4. h3 Bd7 5. Bd3 Nc6 6. 0-0 e6 7. Re1 Be7 8. Bc2 0-0 9. d4 cxd4 10. cxd4 Nb4 11. Bb3 Rc8 12. Nc3 d5 13. e5 Ne8 14. a3 Nc6 15. Qd3 g6 16. Bh6 Ng7 17. Ba2 Re8 18. b4 Nf5 19. Bd2 a6 20. g4 Ng7 21. Kg2 Na7 22. h4 h5 23. gxh5 Nxh5 24. Ng5 Nb5 25. Ne2 Qb6 26. Nf3 Kg7 27. Bg5 Bxg5 28. Nxg5 Rc3 29. Qd2 Rxa3 30. Qb2 Ra4 31. Bb1 Rxa1 32. Qxa1 Rc8 33. Qb2 Na7 34. Qa3 Nc6 35. Qf3 Be8 36. Ng3 Nxg3 37. Qf6+ Kg8 38. Bxg6 Nd8 39. Bh7+ Kf8 40. Kxg3 Qxd4 41. h5 Rc4 42. Be4 dxe4 43. Rxe4 Qd3+ 44. Kf4 Qd2+ 45. Kg3 Rxe4 46. Nxe4 Qd3+ 47. f3 Bc6 48. Ng5 Qd1 49. h6 Qg1+ 50. Kh4 Qf2+ 51. Kh5 Qh2+ 52. Kg4 Qg2+ 53. Kf4 Qd2+ 54. Kg3 Qe1+ 1/2-1/2

[Event "Politiken Cup 33rd"]
[Site "Helsingor"]
[Date "2011.08.04"]
[Round "7"]
[White "Gupta, Sudhir Kumar"]
[Black "Rasmussen, Arne"]
[Result "1-0"]
[WhiteElo "1791"]
[BlackElo "1409"]
[PlyCount "57"]
[EventDate "2011.07.30"]
[EventType "swiss"]
[EventRounds "10"]
[EventCountry "DEN"]
[SourceTitle "CBM 143 Extra"]
[Source "ChessBase"]
[SourceDate "2011.08.29"]
[SourceVersion "1"]
[SourceVersionDate "2011.08.29"]
[SourceQuality "1"]

1. d4 Nf6 2. Nf3 g6 3. g3 Bg7 4. Bg2 0-0 5. 0-0 d6 6. c4 c5 7. e3 Na6 8. Nc3 Nc7 9. a4 Rb8 10. Nb5 Nxb5 11. axb5 a6 12. Qb3 axb5 13. Qxb5 Bd7 14. Qb3 b5 15. Rd1 bxc4 16. Qxc4 Bb5 17. Qc2 Qb6 18. Bd2 Bd7 19. dxc5 Qxc5 20. Qxc5 dxc5 21. Bc3 Bf5 22. Ra7 e6 23. Ne5 Rfd8 24. Rda1 Rf8 25. Nc6 Rb6 26. Ne7+ Kh8 27. Nxf5 exf5 28. Ra8 Ne4 29. Rxf8# 1-0

[Event "Politiken Cup 33rd"]
[Site "Helsingor"]
[Date "2011.08.02"]
[Round "5"]
[White "Nordstrom, Hakon N"]
[Black "Rasmussen, Arne"]
[Result "1-0"]
[WhiteElo "1768"]
[BlackElo "1409"]
[PlyCount "77"]
[EventDate "2011.07.30"]
[EventType "swiss"]
[EventRounds "10"]
[EventCountry "DEN"]
[SourceTitle "CBM 143 Extra"]
[Source "ChessBase"]
[SourceDate "2011.08.29"]
[SourceVersion "1"]
[SourceVersionDate "2011.08.29"]
[SourceQuality "1"]

1. d4 Nf6 2. Nf3 g6 3. e3 Bg7 4. Bd3 0-0 5. b3 d6 6. Bb2 c5 7. Nbd2 cxd4 8. exd4 d5 9. Qe2 Bg4 10. h3 Bxf3 11. Nxf3 a6 12. Ne5 e6 13. 0-0-0 b5 14. h4 h5 15. g4 Nxg4 16. Nxg4 hxg4 17. Qxg4 Bh6+ 18. Kb1 Kg7 19. Rdg1 Qf6 20. Ba3 Rg8 21. Bd6 Nd7 22. h5 g5 23. f4 Kh8 24. Be5 Nxe5 25. dxe5 Qxf4 26. Qe2 Rg7 27. Rg4 Rag8 28. Rxf4 gxf4 29. Qf2 Rg2 30. Qa7 R8g7 31. Qb8+ Rg8 32. Qc7 R8g7 33. Qd8+ Rg8 34. Qf6+ Bg7 35. Qxf4 Bf8 36. Qf6+ Bg7 37. Qxf7 Rf8 38. Qxe6 Rg8 39. Qf5 1-0

[Event "Politiken Cup 33rd"]
[Site "Helsingor"]
[Date "2011.07.30"]
[Round "1"]
[White "Petersen, Nils"]
[Black "Rasmussen, Arne"]
[Result "1-0"]
[WhiteElo "2051"]
[BlackElo "1409"]
[PlyCount "65"]
[EventDate "2011.07.30"]
[EventType "swiss"]
[EventRounds "10"]
[EventCountry "DEN"]
[SourceTitle "CBM 143 Extra"]
[Source "ChessBase"]
[SourceDate "2011.08.29"]
[SourceVersion "1"]
[SourceVersionDate "2011.08.29"]
[SourceQuality "1"]

1. c4 Nf6 2. g3 g6 3. Bg2 Bg7 4. e4 d6 5. Ne2 0-0 6. 0-0 e5 7. Nbc3 Nc6 8. d3 Be6 9. Nd5 Bxd5 10. cxd5 Nd4 11. Nxd4 exd4 12. f4 Nd7 13. f5 Ne5 14. Bf4 Bf6 15. Rc1 Rc8 16. Bxe5 dxe5 17. fxg6 fxg6 18. Bh3 Rb8 19. Qg4 Kg7 20. Qe6 Rf7 21. Rc2 Qd6 22. Rfc1 Bg5 23. Rxc7 Qxe6 24. Bxe6 Rxc7 25. Rxc7+ Kh6 26. Kg2 Be3 27. h4 a5 28. d6 b5 29. d7 Rf8 30. Rc8 Rf2+ 31. Kh3 Rf3 32. d8Q Bf4 33. Qf8+ 1-0

[Event "Faxe EMT"]
[Site "Faxe"]
[Date "2005.04.20"]
[Round "4"]
[White "Lillebro, Verner"]
[Black "Rasmussen, Arne"]
[Result "1-0"]
[WhiteElo "1194"]
[BlackElo "1204"]
[PlyCount "75"]
[EventDate "2005.03.30"]
[EventType "swiss"]
[EventRounds "7"]
[EventCountry "DEN"]
[SourceTitle "EXT 2023"]
[Source "ChessBase"]
[SourceDate "2022.10.05"]
[SourceVersion "1"]
[SourceVersionDate "2022.10.05"]
[SourceQuality "1"]

1. d4 d5 2. c4 Nf6 3. cxd5 Nxd5 4. e4 Nb6 5. Nf3 Bg4 6. Be2 e6 7. Ne5 Bxe2 8. Qxe2 Bb4+ 9. Bd2 Bxd2+ 10. Qxd2 0-0 11. 0-0 N8d7 12. Ng4 Nf6 13. Nxf6+ Qxf6 14. e5 Qg6 15. b3 Rad8 16. Qb4 Qe4 17. Rd1 Rb8 18. Nc3 Nd5 19. Qxf8+ Kxf8 20. Nxe4 b6 21. Rac1 Rc8 22. Nd6 Rd8 23. Nb5 Rd7 24. Nxa7 Nf4 25. Kf1 c5 26. Nc6 cxd4 27. Rxd4 Nd5 28. b4 g6 29. b5 Kg7 30. a4 Rc7 31. Rdc4 Rd7 32. a5 bxa5 33. Nxa5 Nb6 34. Rc6 Na4 35. b6 Nb2 36. Rd6 Re7 37. b7 Re8 38. Rc8 1-0

[Event "Faxe EMT"]
[Site "Faxe"]
[Date "2003.03.19"]
[Round "1"]
[White "Toftvang, Ove"]
[Black "Rasmussen, Arne"]
[Result "1/2-1/2"]
[WhiteElo "1161"]
[BlackElo "1069"]
[PlyCount "117"]
[EventDate "2003.03.19"]
[EventType "swiss"]
[EventRounds "7"]
[EventCountry "DEN"]
[SourceTitle "EXT 2023"]
[Source "ChessBase"]
[SourceDate "2022.10.05"]
[SourceVersion "1"]
[SourceVersionDate "2022.10.05"]
[SourceQuality "1"]

1. c4 e5 2. g3 Nf6 3. Nc3 Bc5 4. Bg2 0-0 5. e4 Nc6 6. Nge2 a6 7. 0-0 d6 8. h3 Be6 9. d3 h6 10. a3 Re8 11. b4 Ba7 12. Kh1 Nd4 13. Ng1 Rb8 14. a4 Ra8 15. Rb1 b6 16. b5 a5 17. f4 Bc8 18. f5 Bb7 19. Nd5 Bxd5 20. exd5 Nd7 21. Be3 Qf6 22. Be4 Nc5 23. Rb2 Kh7 24. Rg2 Rh8 25. Bxd4 exd4 26. Qg4 Nxa4 27. Ne2 Nc5 28. Rgf2 Rhe8 29. h4 Bb8 30. Rd1 a4 31. Nc1 Ra5 32. Na2 a3 33. Nb4 Ra4 34. Na2 Kh8 35. h5 Kg8 36. Rb1 Kf8 37. Rb4 Ra8 38. Nc1 Ke7 39. Re2 Kd7 40. Rb1 Na4 41. Ra1 Nc3 42. Re1 Kd8 43. Na2 Na4 44. Nb4 Nc3 45. Na6 a2 46. Kg2 Rh8 47. Rf1 Re8 48. Kh3 Re5 49. Nb4 Kd7 50. Nc6 Re8 51. Bf3 Ra4 52. Be4 Ra3 53. Nb4 Ba7 54. Rf2 Ra8 55. Nxa2 Bb8 56. Nxc3 Rxa1 57. Ne2 R1a2 58. Bf3 Rd2 59. Qe4 1/2-1/2

[Event "Faxe EMT"]
[Site "Faxe"]
[Date "2001.05.09"]
[Round "7"]
[White "Jensen, Niels"]
[Black "Rasmussen, Arne"]
[Result "1-0"]
[WhiteElo "1277"]
[BlackElo "1243"]
[PlyCount "77"]
[EventDate "2001.03.21"]
[EventType "swiss"]
[EventRounds "7"]
[EventCountry "DEN"]
[SourceTitle "EXT 2023"]
[Source "ChessBase"]
[SourceDate "2022.10.05"]
[SourceVersion "1"]
[SourceVersionDate "2022.10.05"]
[SourceQuality "1"]

1. e4 e5 2. Bc4 Nf6 3. Nc3 Bb4 4. Nd5 Nxd5 5. Bxd5 c6 6. Bb3 0-0 7. a3 Ba5 8. Nf3 d6 9. h3 Nd7 10. 0-0 Nc5 11. Ba2 Nxe4 12. d3 Nf6 13. Bg5 h6 14. Bh4 Be6 15. c3 Bxa2 16. Rxa2 Re8 17. Nd2 d5 18. b4 Bc7 19. Qf3 Re6 20. c4 Qe8 21. Rc2 e4 22. dxe4 dxe4 23. Qe3 Nh5 24. Bg3 Bxg3 25. fxg3 a6 26. Nb3 Nf6 27. Nd4 Re5 28. Nf5 Qe6 29. Nd4 Qe7 30. Rcf2 Rf8 31. Nf5 Qe6 32. Nxh6+ gxh6 33. Rxf6 Qxc4 34. Rxh6 Qd3 35. Qf4 Qd5 36. Rg6+ fxg6 37. Qxf8+ Kh7 38. Rf7+ Qxf7 39. Qxf7+ 1-0

[Event "Faxe EMT"]
[Site "Faxe"]
[Date "2001.04.04"]
[Round "3"]
[White "Rasmussen, Arne"]
[Black "Hansen, Mogens Egon"]
[Result "1-0"]
[WhiteElo "1243"]
[BlackElo "1363"]
[PlyCount "73"]
[EventDate "2001.03.21"]
[EventType "swiss"]
[EventRounds "7"]
[EventCountry "DEN"]
[SourceTitle "EXT 2023"]
[Source "ChessBase"]
[SourceDate "2022.10.05"]
[SourceVersion "1"]
[SourceVersionDate "2022.10.05"]
[SourceQuality "1"]

1. d4 Nf6 2. Nf3 e6 3. Nc3 d5 4. a3 c5 5. e3 cxd4 6. exd4 Nc6 7. Bb5 Bd7 8. 0-0 a6 9. Ba4 Be7 10. Re1 0-0 11. Bf4 Nh5 12. Be3 Nf6 13. Bb3 Na5 14. Ba2 Rc8 15. Ne5 Nc4 16. Bxc4 dxc4 17. Qe2 b5 18. Rad1 Bc6 19. Bg5 Nd5 20. Bxe7 Qxe7 21. Nxc6 Rxc6 22. Nxd5 Qd8 23. Nc3 Rd6 24. Qg4 Qf6 25. Ne4 Qd8 26. Nxd6 Qxd6 27. h3 h6 28. Qg3 Qc6 29. Qf3 Qd6 30. Qg3 Qc6 31. Re5 Rd8 32. c3 Qd7 33. Qf3 f6 34. Ree1 Qd6 35. Qe2 Kf7 36. Qh5+ Kf8 37. Qc5 1-0

[Event "Faxe EMT"]
[Site "Faxe"]
[Date "2001.03.28"]
[Round "2"]
[White "Eriksen, Knud"]
[Black "Rasmussen, Arne"]
[Result "1-0"]
[WhiteElo "1166"]
[BlackElo "1243"]
[PlyCount "61"]
[EventDate "2001.03.21"]
[EventType "swiss"]
[EventRounds "7"]
[EventCountry "DEN"]
[SourceTitle "EXT 2023"]
[Source "ChessBase"]
[SourceDate "2022.10.05"]
[SourceVersion "1"]
[SourceVersionDate "2022.10.05"]
[SourceQuality "1"]

1. e4 e5 2. Nf3 Nc6 3. Bb5 a6 4. Ba4 Nf6 5. d3 Be7 6. 0-0 0-0 7. c3 d6 8. h3 Bd7 9. Be3 b5 10. Bb3 Na5 11. Bc2 c5 12. Nbd2 Re8 13. Re1 c4 14. d4 exd4 15. Bxd4 Nc6 16. Be3 Ne5 17. Bd4 Nxf3+ 18. Nxf3 Bc6 19. a3 Qc7 20. b3 cxb3 21. Bxb3 Bxe4 22. Bxf7+ Kxf7 23. Ng5+ Kg8 24. Nxe4 Nxe4 25. Rxe4 Qd7 26. Qb3+ Kh8 27. Qf7 Rg8 28. Rg4 h6 29. Bxg7+ Kh7 30. Bd4+ Rg7 31. Qxg7# 1-0

[Event "Faxe EMT"]
[Site "Faxe"]
[Date "2001.03.21"]
[Round "1"]
[White "Jensen, Herman"]
[Black "Rasmussen, Arne"]
[Result "1-0"]
[WhiteElo "1590"]
[BlackElo "1243"]
[PlyCount "79"]
[EventDate "2001.03.21"]
[EventType "swiss"]
[EventRounds "7"]
[EventCountry "DEN"]
[SourceTitle "EXT 2023"]
[Source "ChessBase"]
[SourceDate "2022.10.05"]
[SourceVersion "1"]
[SourceVersionDate "2022.10.05"]
[SourceQuality "1"]

1. e4 e5 2. Bc4 Nc6 3. a3 Nf6 4. Nc3 Bc5 5. Nf3 0-0 6. 0-0 a6 7. d3 h6 8. h3 d6 9. Ne2 Be6 10. Bxe6 fxe6 11. c3 d5 12. Qc2 Ba7 13. b4 Qe8 14. Ng3 b5 15. Bb2 Bb6 16. c4 Bd4 17. Bxd4 Nxd4 18. Nxd4 exd4 19. cxd5 Qd7 20. dxe6 Qxe6 21. Rac1 Rac8 22. Qc6 Qb3 23. Nf5 Rfe8 24. Qxa6 Qxd3 25. Ne7+ Rxe7 26. Qxc8+ Re8 27. Qxc7 Rxe4 28. Rfd1 Qxa3 29. Qd8+ Kh7 30. f3 Rf4 31. Qd6 Rf5 32. Qxd4 Rd5 33. Qf4 Rxd1+ 34. Rxd1 Qb2 35. Rc1 Qe2 36. Qf5+ Kh8 37. Rc8+ Ng8 38. Qf7 Qe1+ 39. Kh2 Qe5+ 40. f4 1-0